|
|
|
|
| LEADER |
03066nam a2200745 a 4500 |
| 001 |
nkc20071748356 |
| 003 |
CZ PrNK |
| 005 |
20071105145855.0 |
| 007 |
ta |
| 008 |
070625s2007 xr ac e 000 0dcze |
| 015 |
|
|
|a cnb001748356
|
| 020 |
|
|
|a 978-80-86882-05-5
|q (brož.)
|
| 035 |
|
|
|a (OCoLC)190413989
|
| 040 |
|
|
|a ABA001
|b cze
|d OLA001
|
| 043 |
|
|
|a e-xr---
|b e-xr-pg
|2 czenas
|
| 045 |
|
|
|a x9y0
|
| 072 |
|
7 |
|a 27-78
|x Křesťanská sdružení, spolky a organizace. Řeholní řády
|2 Konspekt
|9 5
|
| 072 |
|
7 |
|a 929
|x Biografie
|2 Konspekt
|9 8
|
| 080 |
|
|
|a 27-789.2
|2 MRF
|
| 080 |
|
|
|a 27-726.1/.2
|2 MRF
|
| 080 |
|
|
|a 929
|2 MRF
|
| 080 |
|
|
|a 27-788-1/-9
|2 MRF
|
| 080 |
|
|
|a 27-788-733
|2 MRF
|
| 080 |
|
|
|a 27-662:3
|2 MRF
|
| 080 |
|
|
|a 726.71:27-789.2
|2 MRF
|
| 080 |
|
|
|a 27-789.2-523.6-788-1/-9
|2 MRF
|
| 080 |
|
|
|a 7.025.3/.4
|2 MRF
|
| 080 |
|
|
|a (437.311)
|2 MRF
|
| 080 |
|
|
|a (047.53)
|2 MRF
|
| 100 |
1 |
|
|a Siostrzonek, Prokop,
|d 1957-
|7 jo2002160380
|4 ive
|
| 245 |
1 |
0 |
|a Besedy o obnově břevnovského kláštera /
|c Prokop Siostrzonek a Ondřej Koupil
|
| 250 |
|
|
|a Vyd. 1.
|
| 260 |
|
|
|a Praha :
|b Benediktinské arciopatství sv. Vojtěcha a sv. Markéty,
|c 2007
|
| 300 |
|
|
|a 189 s. :
|b il., portréty ;
|c 19 cm
|
| 490 |
1 |
|
|a Pietas benedictina ;
|v seš. 13
|
| 500 |
|
|
|a 1000 výt.
|
| 600 |
1 |
7 |
|a Siostrzonek, Prokop,
|d 1957-
|7 jo2002160380
|2 czenas
|
| 610 |
2 |
7 |
|a Břevnovský klášter
|7 ko2002102047
|2 czenas
|
| 648 |
|
7 |
|a od 1990
|7 ch849555
|2 czenas
|
| 648 |
|
7 |
|a 20.-21. století
|7 ch462155
|2 czenas
|
| 650 |
0 |
7 |
|a benediktini
|7 ph114135
|z Česko
|y 20.-21. století
|2 czenas
|
| 650 |
0 |
7 |
|a církevní hodnostáři
|7 ph119291
|z Česko
|y 20.-21. století
|2 czenas
|
| 650 |
0 |
7 |
|a řeholní povolání
|7 ph128283
|z Česko
|y 20.-21. století
|2 czenas
|
| 650 |
0 |
7 |
|a řeholní život
|7 ph128285
|z Česko
|y 20.-21. století
|2 czenas
|
| 650 |
0 |
7 |
|a křesťanství a společnost
|7 ph138510
|z Česko
|y 20.-21. století
|2 czenas
|
| 650 |
0 |
7 |
|a benediktinské kláštery
|7 ph118806
|z Česko
|y 1990-
|2 czenas
|
| 650 |
0 |
7 |
|a obnova a rekonstrukce památek
|7 ph168233
|z Česko
|y 1990-
|2 czenas
|
| 650 |
0 |
9 |
|a Benedictines
|z Czechia
|y 20th-21st centuries
|2 eczenas
|
| 650 |
0 |
9 |
|a dignitaries
|z Czechia
|y 20th-21st centuries
|2 eczenas
|
| 650 |
0 |
9 |
|a monastic vocation
|z Czechia
|y 20th-21st centuries
|2 eczenas
|
| 650 |
0 |
9 |
|a monastic life
|z Czechia
|y 20th-21st centuries
|2 eczenas
|
| 650 |
0 |
9 |
|a Christianity and civilization
|z Czechia
|y 20th-21st centuries
|2 eczenas
|
| 650 |
0 |
9 |
|a Benedictine monasteries
|z Czechia
|y 1990-
|2 eczenas
|
| 650 |
0 |
9 |
|a renewal and reconstruction of monuments
|z Czechia
|y 1990-
|2 eczenas
|
| 651 |
|
7 |
|a Břevnov (Praha, Česko)
|7 ge137107
|2 czenas
|
| 651 |
|
9 |
|a Břevnov (Prague, Czechia)
|2 eczenas
|
| 655 |
|
7 |
|a rozhovory
|7 fd133303
|2 czenas
|
| 655 |
|
9 |
|a interviews
|2 eczenas
|
| 700 |
1 |
|
|a Koupil, Ondřej,
|d 1972-
|7 jn20010309672
|4 ivr
|
| 830 |
|
0 |
|a Pietas benedictina
|0 s
|
| 910 |
2 |
|
|a BOA001
|b 1-1191.871
|
| 990 |
|
|
|a BK
|
| 995 |
|
|
|a 01
|
| 991 |
|
|
|b 200709
|c NOV
|
| 996 |
6 |
|
|b 2610319773
|c 1-1191.871
|l MZK
|r Sklad / do 1 hodiny
|n 22
|p p.v.
|w 000865141
|u 000010
|a 1
|e BOA001
|j MZK50
|s P
|